| 000 | 00554nam a2200205 a 4500 | ||
|---|---|---|---|
| 999 |
_c5853 _d5853 |
||
| 001 | 5853 | ||
| 003 | BD-JhCC | ||
| 005 | 20171228131624.0 | ||
| 008 | 171228s1970 bg |||| ||a| 000 0 MUL d | ||
| 035 | _a(BD-JhCC)5853 | ||
| 040 |
_aBD-JhCC _dBD-JhCC |
||
| 041 | _amul | ||
| 082 |
_a297 _bKAB 1970 |
||
| 100 | _aচৌধুরী, কবীর | ||
| 245 |
_aহাদীস সংকলনের ইতিহাস / _cকবীর চৌধুরী |
||
| 300 |
_a715 p. : _c22 cm. |
||
| 650 |
_aIslam _xHadiths |
||
| 942 |
_2ddc _cBK |
||